| 000 | 00461nam a2200181Ia 4500 | ||
|---|---|---|---|
| 008 | 230524s9999 xx 000 0 und d | ||
| 020 | _a9789380283937 | ||
| 082 | _bCAN | ||
| 100 |
_aJack Canfield _941763 |
||
| 245 | 0 | _aChicken Soup for the Soul Older & Wiser | |
| 250 | _a1 | ||
| 260 |
_aNoida _bWestland _c2009 |
||
| 300 | _a411p; | ||
| 500 | _aQuantity Number: 1 | ||
| 650 |
_aMisalliance _941764 |
||
| 700 |
_aMark Victor Hansen _941765 |
||
| 942 | _cBK | ||
| 999 |
_c56205 _d56205 |
||